ARRUPE JESUIT UNIVERSITY

CORONAVIRUS -STOP THE SPREAD - CLEAN,DISINFECT,COVER

Reviving democracy : (Record no. 129762)

MARC details
000 -LEADER
fixed length control field 01161cam a2200277 a 4500
001 - CONTROL NUMBER
control field 12574223
003 - CONTROL NUMBER IDENTIFIER
control field ARRUPE
005 - DATE AND TIME OF LATEST TRANSACTION
control field 20190828101405.0
008 - FIXED-LENGTH DATA ELEMENTS--GENERAL INFORMATION
fixed length control field 011029s2002 enka b 001 0 eng
010 ## - LIBRARY OF CONGRESS CONTROL NUMBER
LC control number 2001006719
020 ## - INTERNATIONAL STANDARD BOOK NUMBER
International Standard Book Number 1853838810 (hb. : acidfree paper)
020 ## - INTERNATIONAL STANDARD BOOK NUMBER
International Standard Book Number 1853838845 (pbk. : acidfree paper)
040 ## - CATALOGING SOURCE
Original cataloging agency DLC
Transcribing agency DLC
Modifying agency DLC
050 00 - LIBRARY OF CONGRESS CALL NUMBER
Classification number JC337
Item number .K65 2002
082 00 - DEWEY DECIMAL CLASSIFICATION NUMBER
Classification number 300
Edition number 21
300 ## - PHYSICAL DESCRIPTION
Other physical details ill. ;
Dimensions 22 cm.
100 1# - MAIN ENTRY--PERSONAL NAME
Personal name Knight, Barry,
Dates associated with a name 1947-
9 (RLIN) 47966
245 10 - TITLE STATEMENT
Title Reviving democracy :
Remainder of title citizens at the heart of governance /
Statement of responsibility, etc Barry Knight, Hope Chigudu, and Rajesh Tandon.
260 ## - PUBLICATION, DISTRIBUTION, ETC. (IMPRINT)
Place of publication, distribution, etc London :
-- Sterling, VA :
Name of publisher, distributor, etc Earthscan Publications,
Date of publication, distribution, etc 2002.
300 ## - PHYSICAL DESCRIPTION
Extent xviii, 214 p. :
504 ## - BIBLIOGRAPHY, ETC. NOTE
Bibliography, etc Includes bibliographical references (p. [193]-204) and index.
650 #0 - SUBJECT ADDED ENTRY--TOPICAL TERM
Topical term or geographic name as entry element Civil society.
9 (RLIN) 17288
650 #0 - SUBJECT ADDED ENTRY--TOPICAL TERM
Topical term or geographic name as entry element Political participation.
9 (RLIN) 8001
700 1# - ADDED ENTRY--PERSONAL NAME
Personal name Chigudu, Hope Bagyendera.
9 (RLIN) 47967
700 1# - ADDED ENTRY--PERSONAL NAME
Personal name Tandon, Rajesh.
9 (RLIN) 47968
906 ## - LOCAL DATA ELEMENT F, LDF (RLIN)
a 7
b cbc
c orignew
d 1
e ecip
f 20
g y-gencatlg
942 ## - ADDED ENTRY ELEMENTS (KOHA)
Source of classification or shelving scheme Library of Congress Classification
Koha item type Monograph ( Printed materials)
Holdings
Withdrawn status Lost status Source of classification or shelving scheme Damaged status Not for loan Collection code Home library Current library Shelving location Date acquired Total Checkouts Full call number Barcode Date last seen Price effective from Koha item type
    Library of Congress Classification     Main Collection ARRUPE LIBRARY ARRUPE LIBRARY Main Collection 28/08/2019   JC337 .K65 2002 46600005253 28/08/2019 28/08/2019 Monograph ( Printed materials)

 

Arrupe Library. PO Box MP320 Mt Pleasant, Harare, Zimbabwe
263 242 745411|librarian@aju.ac.zw